| 000 | 00474nam a2200169Ia 4500 | ||
|---|---|---|---|
| 008 | 240729s9999 xx 000 0 und d | ||
| 022 | _a1878-0261 | ||
| 245 | 0 | _aMolecular Oncology | |
| 260 | _aUnited Kingdom | ||
| 260 | _bWiley | ||
| 650 | _a Internal medicine | ||
| 650 | _a Neoplasms. Tumors. Oncology. Including cancer and carcinogens | ||
| 650 | _aMedicine | ||
| 856 | _uhttps://doaj.org/toc/5819265bb1ba402090668b51a383cdad | ||
| 942 | _2ddc | ||
| 942 | _cDOAJEJ | ||
| 999 |
_c72510 _d72510 |
||
| 945 |
_a1 _bMadushi Gamage _c1 _dMadushi Gamage |
||